Questions diverses sur Animal Crossing - Statistiques

Statistiques générales
  • Ce quiz a été pris 54 fois
  • Le résultat moyen est 14 sur 25
Statistiques - réponses
Question Réponse % Correct
Qui est le chien guitariste/DJ le plus célèbre du monded'Animal Crossing ? Kéké Laglisse
91%
Quelle est la monnaie de l'univers d'Animal Crossing ? La clochette
89%
De quel commerce Robusto est-il le gérant ? D'un café
87%
De quel bâtiment s'occupe Thibou? Le musée
87%
Quel animal est Sarah, la décoratrice d'intérieur ambulante ? Un chameau
87%
Ou trouve-ton Gulliver la première fois qu'on le rencontre ? Sur la plage
85%
Quelle est la première habitation du joueur à son arrivée dansAnimal Crossing New Horizons ? Une tente
83%
De manière générale, quel est le nombre minimum d'éléments dans une série de meubles dans les jeux ? 10
78%
Combien de ponts maximum peut compter la ville du joueur dansAnimal Crossing New Horizons ? 8
76%
Quel rôle est attribué au joueur de la première sauvegarde d'Animal Crossing New Leaf ? Maire
72%
Qu'est ce qui doit être remboursé à Tom Nook pour pouvoiragrandir notre maison depuis le premier opus ? Le prêt
70%
Quel véhicule permet d'amener le joueur en ville dans Animal Crossing Lets' go to the city ? Un bus
70%
Quels sont les deux outils qui permettent au joueur de fairesortir des minerais des rochers ? Pelle et hache
67%
Quelle catégorie de créatures a fait son apparition dans Animal Crossing New Leaf, complétant les insectes et les poissons ? Les créatures marines
59%
Quel est le nom de l'agence immobilière responsable de la notation de la décoration des maisons ? L'AJD
54%
Quel jeu de la saga sorti sur 3DS, offrait la possibilité d'aménagerdes bâtiments entiers en décidant de quels meubles placer, à l'aide d'un catalogue d'objets variés ? Animal Crossing Happy Home Designer
37%
Quel objet de l'inventaire permet au joueur de collecter descréatures marines ? Une combinaison de plongée
37%
Quel procédé administratif peut être adopté dans Animal Crossing New Leaf afin de faire construire un élément de décor dans la ville ? Un arrêté
33%
Quel type de fruits a été introduit dans Animal Crossing New Leaf ? Les fruits exotiques
22%
Quelle a été la première amélioration de la pelle dans les jeuxde la saga ? Pelle en or
22%
Quel est le stade ultime de développement de la Boutiquede Méli et Mélo dans Animl Crossing New Leaf? Galeries Mélimélo
20%
Que permet de faire la perche de saut, introduite dans Animal Crossing New Horizons ? Franchir des rivières
17%
Comment accède-t-on au repaire secret de Resetti et Don ? Par une bouche d'égout
17%
Comment s'appelle le jeu auquel on joue avec des grillesdonnées par les Yétiti ? Le bingogo
13%
Quel est le premier nom du remède ? Le baume
0%
Aucun quiz correspondant
Distribution des résultats
% des personnes avec chaque résultat
Percentile par nombre de réponses
Votre historique - résultats
Vous n’avez pas pris ce quiz